000 00638nam a2200193Ia 4500
003 GCL
008 140319s9999 xx 000 0 ara d
040 _aGCL /
_cGCL
082 0 4 _a811.9569
_bم أ
100 1 _aمعين بسيسو
245 1 0 _aوانت ايتك الحجر /
_cمعين بسيسو
260 _aتونس :
_bوزارة الاعلام. الاعلام الجماهيرى ،
_c1982
300 _a22 ص ؛
_c21 سم
650 0 4 _aالادب العربى
650 0 4 _aفلسطين
650 0 4 _aالشعر العربى - دواوين وقصائد
650 0 4 _aالشعر العربى - فلسطين
942 _2ddc
_cBK
999 _c4894
_d4894